00691nam a2200229Ia 450000500170000000800410001702000180005804000180007604100080009408200200010210000160012224500850013825000120022326000560023530000240029165000290031565000320034465000310037670000190040770000200042670000150044620220719152211.0210716s2012 xx 000 0 und d a9788122434347 cAIMIT LIBRARY aeng a519.2 21bUPPS aUppal, S M. aProbability distributions of a single random variable /cBy S M Uppal...[et.al]. a1st ed. aNew Delhi :bNew Age International Pvt Ltd ,c2012. axi, 418p. ;c24 cm. aDiscrete random variable aContinuous random variables aMoment generating function aOdhiambo, R O. aHumphreys, H M. aOrwa, G O.